The Simpsons Family Tree Quiz Stats

Quiz Updated Jun 7, 2013

Challenge
Share
Tweet
Score 0/18 Timer 03:00
0 Plays Today
% Correct
Homer Jay Simpson
98.4%
Bartholomew 'Bart' Jojo Simpson
98.1%
Marjorie 'Marge' Simpson
97.9%
Lisa Marie Simpson
97.5%
Margaret 'Maggie' Simpson
96.5%
Robert Underdunk Terwilliger, Jr.
85.4%
Abraham Simpson
84.5%
Selma Bouvier-.....
83.8%
Patty Bouvier
77.3%
% Correct
Disco Stu
74.3%
Fit Tony D'Amico
67%
Troy McClure
63%
Lionel Hutz
49.4%
Mona E. Simpson
38.3%
Herbert 'Herb' Powell
37.4%
Ling Bouvier
20.7%
Jacqueline Ingrid Bouvier
15.1%
Clancy Bouvier
8.2%

You're not logged in!

Compare scores with friends on all Sporcle quizzes.
Sign Up with Email
OR
Log In

You Might Also Like...

Show Comments

Extras

Top Quizzes Today


Score Distribution

Your Account Isn't Verified!

In order to create a playlist on Sporcle, you need to verify the email address you used during registration. Go to your Sporcle Settings to finish the process.